| 000 | 00969nam a22002777a 4500 | ||
|---|---|---|---|
| 005 | 20160408105216.0 | ||
| 010 | _a1516EN07 ENG-114973 | ||
| 020 |
_a9788179305751 _c490.00 |
||
| 020 |
_a9788179305751 _c490.00 |
||
| 035 | _aEN-98505 | ||
| 035 | _aB-612174-195 | ||
| 037 |
_adpl _bUBH/Ven |
||
| 037 | _bDBAD/PUB | ||
| 082 | _a350 | ||
| 100 | _aVidya,R. | ||
| 245 |
_aPublic administration: _cby R.Vidya ; edited by Kalpana Rajaram...[et al] _btheories and principles / |
||
| 250 | _a4th ed | ||
| 260 |
_aNew Delhi _bSpectrum Books _c2015 |
||
| 270 |
_aA1 291, First Floor, Janakpuri, _bNew Delhi _e110058 |
||
| 300 |
_axvi,623p. _c25cm(pbk) |
||
| 490 | _aSpectrum's rapid revision studypack | ||
| 500 | _aIncludes bibliographical references | ||
| 700 | _a Kalpana Rajaram | ||
| 942 |
_2ddc _cEN _mVID _h350 |
||
| 999 |
_c95852 _d95852 |
||